00422nam a22001577a 4500003000400000005001700004008004100021020001800062082001800080100002100098245004900119260003900168300001400207653002400221653001900245OSt20260307122721.0260307b |||||||| |||| 00| 0 eng d a9788121212977 a954.035bR13W aRajshekar, V. T. aWhy godse killed gandhi?cBy V. T. Rajshekar aDelhibGyan publishing housec2015 a100p.bPB aGeneral collection  aMahatma gandhi